[Event "13. Dubai open 2011"]
[Site "Dubai UAE"]
[Date "2011.04.12"]
[Round "3.39"]
[White "Somoff, Abdo"]
[Black "Tania, Sachdev"]
[Result "0-1"]
[WhiteElo "2172"]
[BlackElo "2407"]
[PlyCount "56"]
[EventDate "2011.04.10"]
[EventType "swiss"]
[EventRounds "9"]
[EventCountry "UAE"]
[Source "lmi"]
[SourceDate "2011.04.09"]

1. e4 c5 2. c3 d5 3. exd5 Qxd5 4. d4 Nf6 5. Nf3 e6 6. Be3 cxd4 7. cxd4 Nc6 8.
Nbd2 Be7 9. Bc4 Qd8 10. a3 O-O 11. O-O b6 12. Rc1 Bb7 13. Qe2 a6 14. Rfd1 Nd5
15. Ne5 b5 16. Nxc6 Bxc6 17. Bd3 Rc8 18. Ne4 Qb6 19. Bb1 Nxe3 20. Qxe3 b4 21.
Nc5 bxa3 22. bxa3 Bf6 23. Nxe6 g6 24. d5 Bg5 25. Qh3 Qxf2+ 26. Kh1 Rc7 27. Bd3
Bxc1 28. dxc6 Re7 0-1

[Event "13. Dubai open 2011"]
[Site "Dubai UAE"]
[Date "2011.04.12"]
[Round "3.39"]
[White "Somoff, Abdo"]
[Black "Tania, Sachdev"]
[Result "0-1"]
[WhiteElo "2172"]
[BlackElo "2407"]
[PlyCount "60"]
[EventDate "2011.04.10"]
[EventType "swiss"]
[EventRounds "9"]
[EventCountry "UAE"]
[Source "lmi"]
[SourceDate "2011.04.09"]

1. e4 c5 2. c3 d5 3. exd5 Qxd5 4. d4 Nf6 5. Nf3 e6 6. Be3 cxd4 7. cxd4 Nc6 8.
Nbd2 Be7 9. Bc4 Qd8 10. a3 O-O 11. O-O b6 12. Rc1 Bb7 13. Qe2 a6 14. Rfd1 Nd5
15. Ne5 b5 16. Nxc6 Bxc6 17. Bd3 Rc8 18. Ne4 Qb6 19. Bb1 Nxe3 20. Qxe3 b4 21.
Nc5 bxa3 22. bxa3 Bf6 23. Nxe6 fxe6 24. Qxe6+ Kh8 25. d5 Bg5 26. Qh3 Qxf2+ 27.
Kh1 g6 28. Bxg6 Rc7 29. Bd3 Bxc1 30. dxc6 Re7 0-1

[Event "13. Dubai open 2011"]
[Site "Dubai UAE"]
[Date "2011.04.14"]
[Round "5.32"]
[White "Ramnath, Bhuvanesh"]
[Black "Sanal, Vahap"]
[Result "1/2-1/2"]
[WhiteElo "2425"]
[BlackElo "2200"]
[PlyCount "90"]
[EventDate "2011.04.10"]
[EventType "swiss"]
[EventRounds "9"]
[EventCountry "UAE"]
[Source "lmi"]
[SourceDate "2011.04.09"]

1. e4 e5 2. Nf3 Nc6 3. Bb5 a6 4. Ba4 Nf6 5. d3 b5 6. Bb3 Be7 7. O-O O-O 8. Re1
d6 9. c3 Na5 10. Bc2 c5 11. Nbd2 Nc6 12. Nf1 h6 13. h3 Re8 14. Ng3 Bf8 15. d4
cxd4 16. cxd4 exd4 17. Nxd4 Nxd4 18. Qxd4 Be6 19. Bf4 Rc8 20. Bb3 Bxb3 21. axb3
Rc2 22. Qd3 Rc6 23. Rad1 Nd7 24. Nf5 Qf6 25. Qg3 Kh7 26. Bxd6 Qxb2 27. e5 g6
28. Bxf8 Nxf8 29. Nd4 Rb6 30. Qf3 Kg8 31. Nc6 Rb7 32. Nb4 Rd7 33. Nd5 Rxe5 34.
Nf6+ Kg7 35. Nxd7 Rxe1+ 36. Rxe1 Nxd7 37. Re7 Nf6 38. Ra7 Qa1+ 39. Kh2 Qe5+ 40.
g3 Qe6 41. Qe3 Qd6 42. Rb7 Qd5 43. Ra7 Qd6 44. Qc3 Qb6 45. Qe3 Qd6 1/2-1/2

[Event "13. Dubai open 2011"]
[Site "Dubai UAE"]
[Date "2011.04.14"]
[Round "5.33"]
[White "Saduakassova, Dinara"]
[Black "Abbasifar, Hasan"]
[Result "1-0"]
[WhiteElo "2208"]
[BlackElo "2467"]
[PlyCount "63"]
[EventDate "2011.04.10"]
[EventType "swiss"]
[EventRounds "9"]
[EventCountry "UAE"]
[Source "lmi"]
[SourceDate "2011.04.09"]

1. e4 e5 2. Nf3 Nc6 3. Bc4 Bc5 4. c3 Nf6 5. d3 d6 6. Nbd2 O-O 7. Bb3 a6 8. h3
Be6 9. Nf1 d5 10. Qe2 b5 11. Ng3 Re8 12. Ng5 Qd7 13. O-O Bb6 14. Nh5 h6 15.
Nxf6+ gxf6 16. Nxe6 fxe6 17. Bxh6 Qh7 18. Qg4+ Kf7 19. Qh5+ Kg8 20. exd5 Na5
21. Qg4+ Kh8 22. Qh4 Qg6 23. Be3+ Kg7 24. Bxb6 cxb6 25. dxe6 Nxb3 26. axb3 Rxe6
27. Qe4 Qe8 28. Qb7+ Kh6 29. Rxa6 Rxa6 30. Qxa6 Qd7 31. Qa8 Qxd3 32. Qf8+ 1-0

[Event "13. Dubai open 2011"]
[Site "Dubai UAE"]
[Date "2011.04.14"]
[Round "5.34"]
[White "Feldman, Vladimir"]
[Black "Malakhatko, Vadim"]
[Result "1/2-1/2"]
[WhiteElo "2270"]
[BlackElo "2546"]
[PlyCount "43"]
[EventDate "2011.04.10"]
[EventType "swiss"]
[EventRounds "9"]
[EventCountry "UAE"]
[Source "lmi"]
[SourceDate "2011.04.09"]

1. d4 d5 2. c4 c6 3. Nf3 Nf6 4. Nbd2 Bf5 5. Nh4 Be4 6. f3 Bg6 7. Nxg6 hxg6 8.
e3 e6 9. Qc2 Bd6 10. f4 g5 11. fxg5 Ng4 12. Nf3 Nxh2 13. Kd1 Ke7 14. Rg1 Nxf1
15. Rxf1 Nd7 16. Bd2 g6 17. Ke2 Qb6 18. c5 Qa6+ 19. Kf2 Bc7 20. e4 dxe4 21.
Qxe4 Qc4 22. Rfe1 1/2-1/2

[Event "13. Dubai open 2011"]
[Site "Dubai UAE"]
[Date "2011.04.14"]
[Round "5.35"]
[White "Omar, Noaman"]
[Black "Harutjunyan, Gevorg"]
[Result "0-1"]
[WhiteElo "2253"]
[BlackElo "2468"]
[PlyCount "43"]
[EventDate "2011.04.10"]
[EventType "swiss"]
[EventRounds "9"]
[EventCountry "UAE"]
[Source "lmi"]
[SourceDate "2011.04.09"]

1. d4 Nf6 2. c4 g6 3. Nc3 Bg7 4. e4 O-O 5. Nf3 d6 6. h3 e5 7. d5 Na6 8. Bg5 Qe8
9. g4 Nc5 10. Nd2 a5 11. Qf3 Nfd7 12. Nb5 Na6 13. O-O-O h6 14. Be3 Qe7 15. g5
h5 16. Nb1 Ndc5 17. N1c3 Rd8 18. Be2 c6 19. Na3 Bd7 20. Qg3 Qe8 21. Nc2 Rab8
22. Qh4 0-1

[Event "13. Dubai open 2011"]
[Site "Dubai UAE"]
[Date "2011.04.14"]
[Round "5.36"]
[White "Guliev, Logman"]
[Black "Al-Tarbosh, Ward"]
[Result "0-1"]
[WhiteElo "2468"]
[BlackElo "2230"]
[PlyCount "90"]
[EventDate "2011.04.10"]
[EventType "swiss"]
[EventRounds "9"]
[EventCountry "UAE"]
[Source "lmi"]
[SourceDate "2011.04.09"]

1. e4 e6 2. d4 d5 3. Nc3 Nf6 4. Bg5 dxe4 5. Nxe4 Be7 6. Bxf6 gxf6 7. Nf3 f5 8.
Ned2 c5 9. Bb5+ Bd7 10. Bxd7+ Qxd7 11. dxc5 Bxc5 12. O-O Nc6 13. Qe2 O-O-O 14.
a3 Nd4 15. Nxd4 Bxd4 16. Rfd1 Bxb2 17. Rab1 Bg7 18. Qe3 Bd4 19. Qb3 Bb6 20. c4
Qd3 21. Qb5 Rhg8 22. Qe5 Bc7 23. Qb2 b6 24. Nf1 Qxd1 25. Rxd1 Rxd1 26. g3 Rgd8
27. Kg2 f4 28. Qf6 e5 29. h4 Rc1 30. Nh2 fxg3 31. Nf3 gxf2 32. Kxf2 Rc2+ 33.
Kf1 Rd1+ 34. Ne1 Rcc1 35. Qf5+ Kb8 36. Qxh7 Rxe1+ 37. Kg2 Rg1+ 38. Kf2 Rcf1+
39. Ke2 e4 40. c5 Re1+ 41. Kd2 e3+ 42. Kd3 bxc5 43. Qh8+ Kb7 44. Qb2+ Bb6 45.
Qb5 c4+ 0-1

[Event "13. Dubai open 2011"]
[Site "Dubai UAE"]
[Date "2011.04.14"]
[Round "5.37"]
[White "Ghader Pour, Shayesteh"]
[Black "Satyaragyan, Swayangsu"]
[Result "1-0"]
[WhiteElo "2241"]
[BlackElo "2459"]
[PlyCount "173"]
[EventDate "2011.04.10"]
[EventType "swiss"]
[EventRounds "9"]
[EventCountry "UAE"]
[Source "lmi"]
[SourceDate "2011.04.09"]

1. e4 e6 2. d4 d5 3. Nd2 Nf6 4. e5 Nfd7 5. c3 c5 6. Bd3 Nc6 7. Ne2 cxd4 8. cxd4
f6 9. exf6 Nxf6 10. Nf3 Qc7 11. O-O Bd6 12. g3 O-O 13. Bf4 Bd7 14. Rc1 Ng4 15.
Qd2 Kh8 16. Bb1 Rae8 17. Ng5 Nf6 18. Bxd6 Qxd6 19. f4 g6 20. Rfe1 Nh5 21. Kg2
Qe7 22. Ng1 Qg7 23. N1f3 Rf6 24. Ne5 Ref8 25. Nxc6 bxc6 26. Rf1 h6 27. Nf3 Be8
28. Qe3 Qb7 29. Rf2 Qg7 30. Rcf1 Qg8 31. Qe5 Qg7 32. Bc2 Rg8 33. Bd3 Rxf4 34.
Qxg7+ Kxg7 35. gxf4 Nxf4+ 36. Kh1 Nxd3 37. Rd2 Nf4 38. Ne5 g5 39. Rdf2 Bg6 40.
Nxg6 Kxg6 41. Rc1 Rc8 42. Rfc2 Rb8 43. b3 Rb4 44. Rd1 Rb6 45. Kg1 Kf5 46. Re1
Rb4 47. Rd2 h5 48. Rc1 Rxd4 49. Rxd4 Ne2+ 50. Kf2 Nxd4 51. Ke3 e5 52. Rf1+ Ke6
53. Rf8 Nf5+ 54. Ke2 c5 55. Re8+ Kd6 56. Rg8 Nd4+ 57. Ke3 Ne6 58. Ra8 g4 59.
Rxa7 Nd4 60. Rb7 Kc6 61. Rb8 Ne6 62. a4 Kc7 63. Rh8 Nf4 64. a5 d4+ 65. Ke4 d3
66. Ke3 e4 67. Rh7+ Kc8 68. a6 Nd5+ 69. Kd2 Kb8 70. Rf7 Nb4 71. a7+ Ka8 72. Re7
h4 73. Rxe4 g3 74. h3 g2 75. Rg4 Nd5 76. Rxg2 Nf4 77. Rh2 Kxa7 78. Ke3 Ne6 79.
Kxd3 Kb6 80. Kc4 Nf4 81. Rf2 Nxh3 82. Rf6+ Kc7 83. Kxc5 Ng5 84. Rh6 h3 85. Rh5
Ne6+ 86. Kc4 Nf4 87. Rh4 1-0

[Event "13. Dubai open 2011"]
[Site "Dubai UAE"]
[Date "2011.04.14"]
[Round "5.38"]
[White "El Arousy, Abdul Hameed"]
[Black "Tania, Sachdev"]
[Result "1/2-1/2"]
[WhiteElo "2238"]
[BlackElo "2407"]
[PlyCount "84"]
[EventDate "2011.04.10"]
[EventType "swiss"]
[EventRounds "9"]
[EventCountry "UAE"]
[Source "lmi"]
[SourceDate "2011.04.09"]

1. d4 Nf6 2. Nf3 e6 3. e3 c5 4. Bd3 b6 5. O-O Bb7 6. Nbd2 Be7 7. b3 O-O 8. Bb2
d6 9. c4 Nbd7 10. Qe2 Rc8 11. Rac1 Qc7 12. e4 cxd4 13. Nxd4 Rfe8 14. f4 e5 15.
Nb5 Qb8 16. f5 Nc5 17. Bc2 a6 18. Nc3 b5 19. Rb1 bxc4 20. Nxc4 a5 21. Kh1 Ba6
22. Ba3 Ncd7 23. Bd3 Nc5 24. Bxc5 Rxc5 25. Na4 Rc7 26. Nxa5 Bxd3 27. Qxd3 Qa8
28. Nc4 Qxe4 29. Qxe4 Nxe4 30. Nab6 Nc3 31. Rb2 d5 32. Rc2 Bb4 33. Rxc3 Bxc3
34. Nxd5 Rd7 35. Nxc3 e4 36. Ne3 Rd3 37. Ncd5 Ra8 38. Rc1 h5 39. Rc2 Ra6 40. h4
Ra3 41. Rc4 Rxa2 42. Rxe4 Rxb3 1/2-1/2

[Event "13. Dubai open 2011"]
[Site "Dubai UAE"]
[Date "2011.04.14"]
[Round "5.39"]
[White "Semiev, Suhrab"]
[Black "Mohannad, Farhan"]
[Result "1/2-1/2"]
[WhiteElo "2406"]
[BlackElo "2221"]
[PlyCount "76"]
[EventDate "2011.04.10"]
[EventType "swiss"]
[EventRounds "9"]
[EventCountry "UAE"]
[Source "lmi"]
[SourceDate "2011.04.09"]

1. d4 Nf6 2. g3 c5 3. c3 cxd4 4. cxd4 d5 5. Nf3 Nc6 6. Bg2 Bf5 7. O-O e6 8. Nc3
Bd6 9. Qb3 O-O 10. Qxb7 Nb4 11. Bf4 Rb8 12. Qxa7 Ra8 13. Qxa8 Qxa8 14. Bxd6 Nc2
15. Bxf8 Nxa1 16. Bc5 Nc2 17. Nh4 Qb7 18. Nxf5 exf5 19. b4 Na3 20. b5 Nc4 21.
a4 Ne4 22. Bxe4 dxe4 23. a5 Nxa5 24. Ra1 Nc4 25. Ra4 Nd2 26. Ra7 Qb8 27. b6 h5
28. b7 Kh7 29. Nb5 Nc4 30. d5 h4 31. d6 Ne5 32. Bb6 Nd7 33. Bc7 Qe8 34. Ra1 e3
35. f3 hxg3 36. Rd1 Qe6 37. b8=Q Qh6 38. hxg3 Qh3 1/2-1/2

[Event "13. Dubai open 2011"]
[Site "Dubai UAE"]
[Date "2011.04.14"]
[Round "5.40"]
[White "Berezina, Irina"]
[Black "Prathamesh, Sunil Mokal"]
[Result "0-1"]
[WhiteElo "2199"]
[BlackElo "2405"]
[PlyCount "142"]
[EventDate "2011.04.10"]
[EventType "swiss"]
[EventRounds "9"]
[EventCountry "UAE"]
[Source "lmi"]
[SourceDate "2011.04.09"]

1. d4 Nf6 2. Nf3 c5 3. e3 g6 4. Be2 Bg7 5. O-O O-O 6. d5 d6 7. Nc3 Na6 8. e4
Nc7 9. a4 a6 10. Re1 b6 11. Bf1 Bg4 12. h3 Bxf3 13. Qxf3 Qd7 14. Qe2 e6 15.
dxe6 fxe6 16. g3 Nh5 17. Nd1 d5 18. Bg2 d4 19. Kh2 e5 20. h4 Rf7 21. Bh3 Qc6
22. Bg2 Raf8 23. f3 c4 24. Nf2 Ne6 25. c3 d3 26. Qd1 Nc5 27. Be3 Nb3 28. Ra3
Kh8 29. Ng4 Rd7 30. Rf1 Qd6 31. Bh3 Rdf7 32. Bg2 Na5 33. Bg1 Nf6 34. Nxf6 Bxf6
35. Be3 Nb3 36. Rf2 Qd8 37. Bf1 Be7 38. Ra2 Bc5 39. Bxc5 Nxc5 40. Bg2 Nxe4 41.
Rf1 Nc5 42. Re1 Qd6 43. Qd2 Nb3 44. Qe3 Re7 45. Ra3 Rd8 46. Rd1 Nc5 47. Raa1
Rde8 48. Rf1 Nb3 49. Ra3 Rc8 50. Rd1 Rd8 51. Bf1 Nc5 52. Bg2 Rde8 53. Rd2 e4
54. f4 Nb3 55. Rd1 Qc5 56. Qe1 e3 57. Rxb3 d2 58. Qe2 cxb3 59. Bf3 Rc8 60. Kg2
Rcc7 61. Rf1 Qc4 62. Rd1 Qxa4 63. h5 Qc4 64. hxg6 Qxe2+ 65. Bxe2 hxg6 66. Kf3
a5 67. Ra1 Rc5 68. Bd1 Rh5 69. Be2 Rh2 70. Rf1 a4 71. g4 a3 0-1

[Event "13. Dubai open 2011"]
[Site "Dubai UAE"]
[Date "2011.04.14"]
[Round "5.41"]
[White "Somoff, Abdo"]
[Black "Carlstedt, Jonathan"]
[Result "0-1"]
[WhiteElo "2172"]
[BlackElo "2386"]
[PlyCount "42"]
[EventDate "2011.04.10"]
[EventType "swiss"]
[EventRounds "9"]
[EventCountry "UAE"]
[Source "lmi"]
[SourceDate "2011.04.09"]

1. e4 c5 2. c3 Nf6 3. d3 Nc6 4. g3 d5 5. Nd2 c4 6. f3 cxd3 7. Bxd3 h5 8. h4 Qc7
9. Ne2 e6 10. exd5 exd5 11. Qc2 Bd6 12. Nf1 Ne5 13. Bb5+ Kd8 14. Nd4 Bc5 15.
Qf2 Bxd4 16. cxd4 Qa5+ 17. Kd1 Nxf3 18. Bg5 Qxb5 19. Bxf6+ gxf6 20. Nd2 Qd3 21.
Kc1 Bf5 0-1

[Event "13. Dubai open 2011"]
[Site "Dubai UAE"]
[Date "2011.04.14"]
[Round "5.42"]
[White "Pourkashiyan, Atousa"]
[Black "Aboudi, Marwan"]
[Result "1-0"]
[WhiteElo "2371"]
[BlackElo "2184"]
[PlyCount "47"]
[EventDate "2011.04.10"]
[EventType "swiss"]
[EventRounds "9"]
[EventCountry "UAE"]
[Source "lmi"]
[SourceDate "2011.04.09"]

1. e4 e5 2. Nf3 Nc6 3. Bb5 Nf6 4. O-O Nxe4 5. d4 Nd6 6. Bxc6 dxc6 7. dxe5 Nf5
8. Qxd8+ Kxd8 9. Nc3 Bd7 10. h3 Kc8 11. g4 Ne7 12. Ng5 Be8 13. Bf4 Ng6 14. Bg3
Be7 15. Nge4 Bd7 16. f4 f5 17. exf6 gxf6 18. f5 Nf8 19. Bh4 Rg8 20. Bxf6 Bb4
21. a3 Ba5 22. Rad1 b5 23. Be7 Bb6+ 24. Kh2 1-0

[Event "13. Dubai open 2011"]
[Site "Dubai UAE"]
[Date "2011.04.14"]
[Round "5.43"]
[White "Nitin, S."]
[Black "Ilhomzoda, Ikrom"]
[Result "1/2-1/2"]
[WhiteElo "2365"]
[BlackElo "2184"]
[PlyCount "47"]
[EventDate "2011.04.10"]
[EventType "swiss"]
[EventRounds "9"]
[EventCountry "UAE"]
[Source "lmi"]
[SourceDate "2011.04.09"]

1. e4 g6 2. d4 Bg7 3. Nc3 d6 4. Be3 a6 5. Qd2 Nd7 6. a4 b6 7. f3 e6 8. Nge2 h6
9. g4 h5 10. gxh5 Rxh5 11. Ng3 Rh8 12. Bg5 Bf6 13. f4 Bb7 14. Bg2 e5 15. Bxf6
Ngxf6 16. O-O-O Qe7 17. dxe5 dxe5 18. Nd5 Nxd5 19. exd5 O-O-O 20. d6 Qxd6 21.
Bxb7+ Kxb7 22. Qxd6 cxd6 23. Ne4 Kc7 24. Nxd6 1/2-1/2

[Event "13. Dubai open 2011"]
[Site "Dubai UAE"]
[Date "2011.04.14"]
[Round "5.44"]
[White "Kowsarinia, Amir"]
[Black "Vishnu, Prasanna  V"]
[Result "1/2-1/2"]
[WhiteElo "2168"]
[BlackElo "2358"]
[PlyCount "135"]
[EventDate "2011.04.10"]
[EventType "swiss"]
[EventRounds "9"]
[EventCountry "UAE"]
[Source "lmi"]
[SourceDate "2011.04.09"]

1. d4 Nf6 2. c4 g6 3. Nc3 Bg7 4. e4 d6 5. Nf3 O-O 6. Be2 Nbd7 7. O-O e5 8. Be3
Re8 9. Qc2 exd4 10. Nxd4 c6 11. Rad1 a6 12. Rfe1 Qc7 13. a3 Ne5 14. f3 b5 15.
cxb5 cxb5 16. Qd2 Bb7 17. Nc2 Rad8 18. Bg5 Qc5+ 19. Kh1 Nc4 20. Bxc4 bxc4 21.
Nb4 Rd7 22. Nbd5 Bxd5 23. exd5 Rxe1+ 24. Qxe1 Qc8 25. Qh4 Ne8 26. Re1 Rb7 27.
Re2 Be5 28. f4 Bxc3 29. bxc3 f6 30. Qe1 Kf7 31. Bh6 Qb8 32. h3 Qd8 33. f5 Re7
34. Bf4 Rxe2 35. Qxe2 Qc8 36. fxg6+ hxg6 37. Qe4 g5 38. Qh7+ Ng7 39. Bxd6 Qd7
40. Bc5 Qxd5 41. Bd4 Qf5 42. Qh8 Ne6 43. Bg1 Qe4 44. Qh5+ Kg7 45. Qe8 Qd5 46.
Be3 Qd1+ 47. Kh2 Qd6+ 48. Kh1 Qe5 49. Qe7+ Kg6 50. Qe8+ Kg7 51. Qe7+ Kg6 52.
Qe8+ Kf5 53. Bf2 Ke4 54. Qd7 Qd5 55. Qh7+ f5 56. Qh5 Qd3 57. Qe8 Qd1+ 58. Bg1
Qd5 59. Qh5 Ke5 60. Qh8+ Kd6 61. Qb8+ Kd7 62. Qa7+ Ke8 63. Qb8+ Kf7 64. Qa7+
Kg8 65. Qb8+ Kf7 66. Qa7+ Kg8 67. Qb8+ Kf7 68. Qa7+ 1/2-1/2

[Event "13. Dubai open 2011"]
[Site "Dubai UAE"]
[Date "2011.04.14"]
[Round "5.45"]
[White "Sai, Krishna"]
[Black "Abedi, Ali"]
[Result "1-0"]
[WhiteElo "2349"]
[BlackElo "2159"]
[PlyCount "68"]
[EventDate "2011.04.10"]
[EventType "swiss"]
[EventRounds "9"]
[EventCountry "UAE"]
[Source "lmi"]
[SourceDate "2011.04.09"]

1. e4 c5 2. Nf3 e6 3. d4 cxd4 4. Nxd4 Nf6 5. Nc3 d6 6. Be3 Be7 7. f4 a6 8. Be2
Nbd7 9. Bf3 Qc7 10. a4 O-O 11. g4 d5 12. e5 Ne8 13. O-O Nb6 14. g5 Nc4 15. Bc1
Bd7 16. Nce2 Rc8 17. Kh1 Na5 18. Rg1 Nc6 19. Nb3 Na5 20. Nbd4 Nc6 21. Be3 g6
22. Qf1 Ng7 23. Bg4 Rfe8 24. Rg3 Nxd4 25. Nxd4 b5 26. Rh3 bxa4 27. Rh6 Bf8 28.
Qh3 Nh5 29. Bxh5 a3 30. Rxa3 Bxa3 31. Rxh7 Kf8 32. Bxg6 Ke7 33. Bxf7 Kd8 34.
Bxe8 Qa5 1-0

[Event "13. Dubai open 2011"]
[Site "Dubai UAE"]
[Date "2011.04.14"]
[Round "5.46"]
[White "Alhuwar, Jasem"]
[Black "Arabi, Saeid"]
[Result "1-0"]
[WhiteElo "2334"]
[BlackElo "2159"]
[PlyCount "91"]
[EventDate "2011.04.10"]
[EventType "swiss"]
[EventRounds "9"]
[EventCountry "UAE"]
[Source "lmi"]
[SourceDate "2011.04.09"]

1. Nf3 g6 2. g3 Bg7 3. d4 Nf6 4. b3 O-O 5. Bb2 d6 6. Bg2 Nbd7 7. O-O e5 8. dxe5
Ng4 9. c4 Ndxe5 10. Nxe5 Nxe5 11. Nc3 a5 12. Qc2 Bf5 13. e4 Bd7 14. h3 a4 15.
Nxa4 Bxa4 16. bxa4 Ra7 17. Rab1 b6 18. Qc3 f6 19. Qb3 Kh8 20. Bc3 Nd7 21. Qb5
f5 22. Bxg7+ Kxg7 23. exf5 Rxf5 24. Bd5 Nc5 25. Rbe1 Rf8 26. Qb2+ Qf6 27. Re7+
Kh8 28. Qxf6+ Rxf6 29. Rfe1 Rf8 30. R1e3 Rxa4 31. Rxc7 Na6 32. Ra7 Nc5 33. Rxa4
Nxa4 34. Rb3 Rb8 35. Rb4 Nc3 36. a4 Kg7 37. Bc6 Ne2+ 38. Kg2 Nd4 39. Bd5 Nc2
40. Rb5 Ne1+ 41. Kf1 Nd3 42. a5 Rf8 43. axb6 Rxf2+ 44. Kg1 Rf8 45. b7 Rb8 46.
Ra5 1-0

[Event "13. Dubai open 2011"]
[Site "Dubai UAE"]
[Date "2011.04.14"]
[Round "5.47"]
[White "Khademalsharieh, Sarasadat"]
[Black "Abdulov, Orkhan Javanshir Og"]
[Result "1/2-1/2"]
[WhiteElo "2137"]
[BlackElo "2327"]
[PlyCount "66"]
[EventDate "2011.04.10"]
[EventType "swiss"]
[EventRounds "9"]
[EventCountry "UAE"]
[Source "lmi"]
[SourceDate "2011.04.09"]

1. d4 d6 2. Nf3 g6 3. c4 Bg7 4. g3 Nd7 5. Bg2 e5 6. Nc3 Ne7 7. O-O O-O 8. dxe5
dxe5 9. Qc2 Nf5 10. Bg5 Nd4 11. Qd2 f6 12. Be3 Nf5 13. Rad1 Nxe3 14. Qxe3 c6
15. Ne4 Qe7 16. Nd6 Nb6 17. Nxc8 Rfxc8 18. Nd2 Kh8 19. Qb3 f5 20. e4 f4 21. Qc3
Rd8 22. b4 c5 23. b5 Rd4 24. Bf3 Bh6 25. Be2 fxg3 26. fxg3 Bxd2 27. Rxd2 Rxe4
28. Bd3 Rd4 29. Rdf2 Qg5 30. Be2 Rad8 31. Qa3 Nxc4 32. Qxc5 Nd6 33. Qc7 Rg8
1/2-1/2

[Event "13. Dubai open 2011"]
[Site "Dubai UAE"]
[Date "2011.04.14"]
[Round "5.48"]
[White "Grabinsky, Vladimir"]
[Black "Coleman, James"]
[Result "1-0"]
[WhiteElo "2303"]
[BlackElo "2136"]
[PlyCount "100"]
[EventDate "2011.04.10"]
[EventType "swiss"]
[EventRounds "9"]
[EventCountry "UAE"]
[Source "lmi"]
[SourceDate "2011.04.09"]

1. e4 e5 2. Nf3 Nc6 3. d4 exd4 4. Nxd4 Nf6 5. Nxc6 bxc6 6. e5 Qe7 7. Qe2 Nd5 8.
c4 Ba6 9. Nd2 g6 10. Nf3 Qb4+ 11. Kd1 O-O-O 12. Qc2 Nb6 13. a3 Qe7 14. Bg5 Qe6
15. Bxd8 Kxd8 16. c5 Qd5+ 17. Qd2 Bxf1 18. cxb6 Qb3+ 19. Ke1 Bh6 20. Qxh6 Qxb2
21. Rxf1 Qxa1+ 22. Ke2 Qb2+ 23. Qd2 Qxd2+ 24. Kxd2 axb6 25. Ng5 Ke7 26. Re1 h6
27. Ne4 Ra8 28. Re3 Ra5 29. f4 h5 30. Rd3 Rb5 31. Kc2 Ke6 32. g3 Ra5 33. Kb3
Rb5+ 34. Kc2 Ra5 35. Ng5+ Ke7 36. h3 Ra4 37. Kb3 Ra5 38. Ne4 Rb5+ 39. Kc2 Ra5
40. Kd2 Ra8 41. Ke3 Rd8 42. Rc3 Ra8 43. Kf3 Rc8 44. g4 hxg4+ 45. hxg4 Ke6 46.
Ng5+ Ke7 47. f5 gxf5 48. gxf5 Rh8 49. Rc4 c5 50. Rf4 d5 1-0

[Event "13. Dubai open 2011"]
[Site "Dubai UAE"]
[Date "2011.04.14"]
[Round "5.49"]
[White "Daulyte, Deimante"]
[Black "Salah, Romany"]
[Result "1-0"]
[WhiteElo "2293"]
[BlackElo "2115"]
[PlyCount "153"]
[EventDate "2011.04.10"]
[EventType "swiss"]
[EventRounds "9"]
[EventCountry "UAE"]
[Source "lmi"]
[SourceDate "2011.04.09"]

1. e4 e5 2. Nf3 Nc6 3. Bb5 a6 4. Ba4 Nf6 5. O-O Be7 6. Re1 b5 7. Bb3 d6 8. c3
O-O 9. h3 Nb8 10. d4 Nbd7 11. Nbd2 Bb7 12. Bc2 c5 13. d5 Re8 14. Nf1 Bf8 15. a4
c4 16. Ng3 g6 17. Be3 Qc7 18. Nh2 Bg7 19. Qc1 Kh8 20. Bh6 Bxh6 21. Qxh6 Ng8 22.
Qg5 Nc5 23. Nf3 Qe7 24. Qd2 Reb8 25. Ra3 Bc8 26. Rea1 Qb7 27. axb5 axb5 28. Qe3
f6 29. Nd2 Rxa3 30. Rxa3 Ra8 31. Nb1 Ra6 32. f4 Qg7 33. Rxa6 Bxa6 34. Na3 Qh6
35. Ne2 Ne7 36. Qf3 Kg7 37. Kh2 Nc8 38. g3 Nb6 39. Nc1 exf4 40. gxf4 Qh4 41.
Na2 Qe1 42. Nb4 Qd2+ 43. Kg3 Bc8 44. Nxb5 Qe1+ 45. Qf2 Qh1 46. Qg2 Qe1+ 47. Kf3
Nba4 48. Bxa4 Qxe4+ 49. Kg3 Qe3+ 50. Kh2 Qxf4+ 51. Qg3 Qd2+ 52. Qg2 Qxg2+ 53.
Kxg2 Nxa4 54. Nxd6 Bd7 55. Nxc4 Kf7 56. Nc2 Ke7 57. Nd4 f5 58. h4 Kf6 59. Nf3
Bc8 60. d6 h6 61. Nfe5 Nxb2 62. d7 Bxd7 63. Nxd7+ Ke7 64. Nxb2 Kxd7 65. Nd3 g5
66. h5 Kd6 67. c4 Ke6 68. Kf3 Kd6 69. Ke3 Kc6 70. Kd4 Kd6 71. c5+ Ke6 72. Ne5
g4 73. Nd3 g3 74. Nf4+ Kf6 75. Kd5 Kg5 76. Ke5 Kg4 77. c6 1-0

[Event "13. Dubai open 2011"]
[Site "Dubai UAE"]
[Date "2011.04.14"]
[Round "5.50"]
[White "Esenov, Annaberdi"]
[Black "Amangeldiyev, Gurbangeldi"]
[Result "1-0"]
[WhiteElo "2283"]
[BlackElo "1987"]
[PlyCount "85"]
[EventDate "2011.04.10"]
[EventType "swiss"]
[EventRounds "9"]
[EventCountry "UAE"]
[Source "lmi"]
[SourceDate "2011.04.09"]

1. e4 e6 2. d4 d5 3. Nc3 Nf6 4. Bg5 Be7 5. e5 Nfd7 6. h4 h6 7. Bxe7 Qxe7 8. Qg4
O-O 9. Rh3 f5 10. Qf4 a6 11. Nf3 c5 12. O-O-O Nc6 13. Ne2 cxd4 14. Nexd4 Nxd4
15. Nxd4 Nc5 16. Rg3 Kh7 17. Kb1 Ne4 18. Rb3 b5 19. f3 Nc5 20. Rc3 Bd7 21. Be2
Rac8 22. Rh1 Na4 23. Re3 g6 24. g4 Nb6 25. Rb3 Qg7 26. Rg1 Qe7 27. Rh1 Qg7 28.
Ra3 Na4 29. Rg1 Qe7 30. Rh1 Qg7 31. Bd3 Qf7 32. h5 g5 33. Qd2 Kg7 34. gxf5 exf5
35. Qa5 Nc5 36. Qb6 Rfe8 37. f4 g4 38. b4 Na4 39. Qxa6 Ra8 40. Qd6 Rab8 41. Re1
Rb6 42. Qc7 Rc8 43. Qa7 1-0

[Event "13. Dubai open 2011"]
[Site "Dubai UAE"]
[Date "2011.04.16"]
[Round "6.2"]
[White "Aleksandrov, Aleksej"]
[Black "Mchedlishvili, Mikheil"]
[Result "1-0"]
[WhiteElo "2638"]
[BlackElo "2629"]
[PlyCount "93"]
[EventDate "2011.04.10"]
[EventType "swiss"]
[EventRounds "9"]
[EventCountry "UAE"]
[Source "lmi"]
[SourceDate "2011.04.09"]

1. d4 d5 2. c4 e6 3. Nc3 Be7 4. Nf3 Nf6 5. Bf4 O-O 6. a3 b6 7. cxd5 Nxd5 8.
Nxd5 exd5 9. g3 c5 10. dxc5 bxc5 11. Bg2 Be6 12. O-O Nc6 13. Qa4 Qb6 14. Rab1
Bf5 15. Rbd1 Rfd8 16. Ne5 Nd4 17. Rd2 Be6 18. b4 Rac8 19. Be3 Nb5 20. bxc5 Bxc5
21. Rb2 Bxe3 22. Rxb5 Qd6 23. fxe3 Qxe5 24. Qxa7 Ra8 25. Qc5 Rdc8 26. Qd4 Qd6
27. Rxd5 Qe7 28. a4 Bxd5 29. Bxd5 Ra7 30. Rxf7 Qxf7 31. Bxf7+ Rxf7 32. Qd5 Rc1+
33. Kg2 Rc2 34. Qb5 g6 35. e4 Kg7 36. a5 Ra2 37. Qc4 Ra3 38. Qb4 Ra2 39. Qc4
Ra3 40. Qd4+ Kg8 41. e5 Ra2 42. Qd3 Kg7 43. e6 Rf5 44. a6 Re5 45. Qd4 Kf6 46.
e7 Raxe2+ 47. Kf3 1-0

[Event "13. Dubai open 2011"]
[Site "Dubai UAE"]
[Date "2011.04.16"]
[Round "6.3"]
[White "Gupta, Abhijeet"]
[Black "Miroshnichenko, Evgenij"]
[Result "1/2-1/2"]
[WhiteElo "2580"]
[BlackElo "2670"]
[PlyCount "61"]
[EventDate "2011.04.10"]
[EventType "swiss"]
[EventRounds "9"]
[EventCountry "UAE"]
[Source "lmi"]
[SourceDate "2011.04.09"]

1. d4 Nf6 2. c4 e6 3. Nf3 d5 4. Nc3 Bb4 5. cxd5 exd5 6. Bg5 h6 7. Bh4 c5 8. e3
c4 9. Be2 g5 10. Bg3 Ne4 11. O-O Bxc3 12. bxc3 Nxc3 13. Qc2 Nxe2+ 14. Qxe2 Nc6
15. Ne5 Nxe5 16. Bxe5 f6 17. Bg3 O-O 18. e4 dxe4 19. Qxc4+ Kg7 20. Rac1 Rf7 21.
d5 Bf5 22. d6 Qd7 23. Qd4 Qe6 24. a4 b6 25. Rc7 Rd8 26. Rfc1 Rxc7 27. Rxc7+ Rd7
28. h4 Kg6 29. a5 bxa5 30. hxg5 hxg5 31. Qxa7 1/2-1/2